[Event "AUTO-INT-3436"]
[Site "http://www.queenalice.com/game.php?id=1598754"]
[Date "2020.2.8"]
[Round "2"]
[White "alsnac"]
[Black "Danado"]
[Result "1-0"]
[WhiteElo "1897"]
[BlackElo "1724"]

1. e4 e5 2. f4 exf4 3. Nf3 d6 4. d4 g5 5. h4 gxh4 6. Bxf4 h6 7. Nxh4 Be7 8. Nf3
Bg4 9. Nc3 Bxf3 10. Qxf3 Nc6 11. O-O-O Qd7 12. d5 Ne5 13. Bxe5 dxe5 14. Bb5 c6
15. dxc6 1-0

[Event "AUTO-INT-3436"]
[Site "http://www.queenalice.com/game.php?id=1598757"]
[Date "2020.2.8"]
[Round "2"]
[White "alsnac"]
[Black "Peppone"]
[Result "1-0"]
[WhiteElo "1942"]
[BlackElo "1933"]

1. c4 Nc6 2. g3 g6 3. Nc3 Bg7 4. Bg2 d6 5. e3 Bd7 6. Nge2 Nf6 7. O-O Na5 8. b3
O-O 9. d4 Bg4 10. Qc2 Qc8 11. Bb2 Bh3 12. e4 Bxg2 13. Kxg2 Qg4 14. f3 Qg5 15.
Bc1 Qh5 16. Nf4 1-0

[Event "AUTO-INT-3436"]
[Site "http://www.queenalice.com/game.php?id=1598758"]
[Date "2020.2.8"]
[Round "2"]
[White "Peppone"]
[Black "alsnac"]
[Result "0-1"]
[WhiteElo "1804"]
[BlackElo "1958"]

1. e4 c5 2. Nf3 d6 3. Bc4 g6 4. O-O Bg7 5. Nc3 e6 6. d3 Ne7 7. Bg5 O-O 8. d4
cxd4 9. Nxd4 Nbc6 10. Nxc6 bxc6 11. Qd2 Qc7 12. Bh6 d5 13. Bxg7 Kxg7 14. exd5
cxd5 15. Be2 Nf5 0-1

[Event "AUTO-INT-3435"]
[Site "http://www.queenalice.com/game.php?id=1599596"]
[Date "2020.2.16"]
[Round "3"]
[White "alsnac"]
[Black "mvson33"]
[Result "1-0"]
[WhiteElo "1934"]
[BlackElo "1736"]

1. e4 c5 2. Nf3 Nc6 3. Bb5 a6 4. Bxc6 dxc6 5. O-O Bg4 6. d3 e5 7. a4 Bd6 8. Nbd2
Nf6 9. Nc4 Bc7 10. b3 O-O 11. h3 Bh5 12. Bb2 b5 13. Ncxe5 Bxe5 14. Bxe5 Re8 15.
Bb2 Qe7 16. Bxf6 Qxf6 17. g4 Bg6 18. Nd2 Rad8 19. f4 h6 20. e5 Qe7 21. Qf3 Qc7
22. axb5 axb5 23. Ra6 Rc8 24. Rfa1 1-0

[Event "AUTO-INT-3435"]
[Site "http://www.queenalice.com/game.php?id=1599597"]
[Date "2020.2.16"]
[Round "3"]
[White "mvson33"]
[Black "alsnac"]
[Result "0-1"]
[WhiteElo "1745"]
[BlackElo "1925"]

1. e4 c5 2. Nf3 d6 3. Bc4 Nf6 4. Nc3 a6 5. d3 b5 6. Bd5 Nxd5 7. Nxd5 g6 8. O-O
Bg7 9. Nc3 O-O 10. Be3 Bb7 11. Qe2 e6 12. Rad1 b4 13. Na4 Bc6 14. b3 Bxa4 15.
bxa4 Nc6 16. Bg5 Qa5 17. Bf4 e5 18. Bg3 Qxa4 19. Ra1 Nd4 20. Nxd4 cxd4 21. Bh4
f6 22. f4 exf4 23. Rxf4 g5 0-1

[Event "AUTO-ADV-4328"]
[Site "http://www.queenalice.com/game.php?id=1607950"]
[Date "2020.4.17"]
[Round "1"]
[White "alsnac"]
[Black "beteljeuxe"]
[Result "0-1"]
[WhiteElo "1936"]
[BlackElo "2173"]

1. d4 d5 2. c4 e6 3. Nf3 Nf6 4. Nc3 c6 5. Bg5 h6 6. Bh4 dxc4 7. e4 g5 8. Bg3 b5
9. e5 Nd5 10. Nd2 Bb7 0-1

[Event "AUTO-ADV-4328"]
[Site "http://www.queenalice.com/game.php?id=1607965"]
[Date "2020.4.17"]
[Round "1"]
[White "NickThorp"]
[Black "alsnac"]
[Result "1-0"]
[WhiteElo "1772"]
[BlackElo "1900"]

1. e4 e6 2. d4 d5 3. e5 c5 4. Nf3 Nc6 5. Bb5 Qb6 6. Bxc6+ bxc6 7. Be3 Qxb2 8.
Nbd2 Ba6 9. Nb3 Qa3 10. Bc1 Qb4+ 11. Bd2 Qb5 12. dxc5 Bxc5 13. Nxc5 Qxc5 14. Be3
1-0

[Event "AUTO-ADV-4328"]
[Site "http://www.queenalice.com/game.php?id=1607966"]
[Date "2020.4.17"]
[Round "1"]
[White "alsnac"]
[Black "NickThorp"]
[Result "0-1"]
[WhiteElo "1879"]
[BlackElo "1793"]

1. e4 e5 2. Nf3 Nc6 3. Bc4 Bc5 4. Nc3 Nf6 5. d3 h6 6. h3 O-O 7. g4 d6 8. g5 hxg5
9. Bxg5 Nd4 10. Nd5 Ne6 11. Bxf6 gxf6 12. Nxe5 fxe5 13. Qg4+ Qg5 0-1

[Event "AUTO-ADV-4328"]
[Site "http://www.queenalice.com/game.php?id=1607977"]
[Date "2020.4.17"]
[Round "1"]
[White "alsnac"]
[Black "akleetch"]
[Result "0-1"]
[WhiteElo "1860"]
[BlackElo "1809"]

1. e4 e5 2. f4 Nc6 3. Nf3 d6 4. Bc4 Bg4 5. O-O h6 6. d3 Nd4 7. fxe5 dxe5 8. Nc3
a6 9. Nxe5 Be6 10. Nxf7 Bxf7 11. Bxf7+ Kd7 12. Qg4+ Kc6 13. Bd5+ Kb6 14. Be3 c5
15. b4 Nf6 16. bxc5+ Bxc5 17. Qxg7 Nxd5 18. Nxd5+ Ka7 19. Rab1 Rb8 0-1

[Event "AUTO-ADV-4328"]
[Site "http://www.queenalice.com/game.php?id=1607978"]
[Date "2020.4.17"]
[Round "1"]
[White "akleetch"]
[Black "alsnac"]
[Result "0-1"]
[WhiteElo "1805"]
[BlackElo "1972"]

1. e4 c5 2. Bc4 g6 3. c3 Bg7 4. d3 Nc6 5. a3 e6 6. Nf3 Nge7 7. Bg5 O-O 8. O-O f6
9. Bh4 d5 10. exd5 exd5 11. Ba2 Nf5 12. Qd2 Nxh4 13. Nxh4 Kh8 14. Qe3 d4 15.
cxd4 Nxd4 16. Rc1 Re8 17. Qd2 Ne2+ 0-1

[Event "AUTO-OPEN-4162"]
[Site "http://www.queenalice.com/game.php?id=1607996"]
[Date "2020.4.17"]
[Round "1"]
[White "ignacius_01"]
[Black "alsnac"]
[Result "1-0"]
[WhiteElo "2048"]
[BlackElo "1968"]

1. d4 Nf6 2. c4 g6 3. e3 Bg7 4. Be2 O-O 5. Nc3 d5 6. cxd5 Nxd5 7. Nf3 Nd7 8.
Nxd5 e5 9. dxe5 Nxe5 10. Nxe5 Bxe5 11. Bf3 c6 12. Nb4 Qe7 13. Nc2 Be6 14. O-O
Bc4 15. Be2 Rad8 16. Qe1 Bd5 17. f4 Bg7 18. Bf3 1-0

[Event "AUTO-OPEN-4162"]
[Site "http://www.queenalice.com/game.php?id=1607997"]
[Date "2020.4.17"]
[Round "1"]
[White "alsnac"]
[Black "ignacius_01"]
[Result "0-1"]
[WhiteElo "1955"]
[BlackElo "2061"]

1. c4 Nf6 2. g3 e5 3. Nc3 e4 4. Bg2 Qe7 5. e3 d6 6. d3 exd3 7. Qxd3 c6 8. Nge2
Be6 9. O-O g6 10. Nf4 Bd7 11. b3 Bg7 12. Ba3 O-O 13. Bxd6 Qd8 14. Bxf8 Qxf8 15.
Rad1 Bg4 16. f3 Bd7 17. e4 Qc8 0-1

[Event "AUTO-OPEN-4162"]
[Site "http://www.queenalice.com/game.php?id=1608022"]
[Date "2020.4.17"]
[Round "1"]
[White "bouley"]
[Black "alsnac"]
[Result "1-0"]
[WhiteElo "1972"]
[BlackElo "1842"]

1. e4 e6 2. Nf3 Bc5 3. d4 Bb6 4. Bd3 Nf6 5. Bg5 h6 6. Bh4 g5 7. Bg3 g4 8. Ne5
Bxd4 9. c3 Bxe5 10. Bxe5 d6 11. Bg3 Nc6 12. O-O Bd7 13. Bh4 Ne5 14. Bc2 1-0

[Event "AUTO-OPEN-4162"]
[Site "http://www.queenalice.com/game.php?id=1608023"]
[Date "2020.4.17"]
[Round "1"]
[White "alsnac"]
[Black "bouley"]
[Result "0-1"]
[WhiteElo "1831"]
[BlackElo "1983"]

1. d4 Nf6 2. c4 g6 3. Nf3 Bg7 4. Nc3 d6 5. e4 O-O 6. Bd3 c5 7. d5 Ng4 8. h3 Ne5
9. Nxe5 Bxe5 10. f4 Bd4 11. Qf3 f5 12. g4 e5 13. gxf5 Qh4+ 14. Kd1 Nd7 15. Kc2
Nf6 0-1

[Event "AUTO-OPEN-4162"]
[Site "http://www.queenalice.com/game.php?id=1608038"]
[Date "2020.4.17"]
[Round "1"]
[White "Scharlatan"]
[Black "alsnac"]
[Result "1-0"]
[WhiteElo "2087"]
[BlackElo "1917"]

1. d4 d5 2. c4 dxc4 3. e4 e5 4. Nf3 exd4 5. Bxc4 Bb4+ 6. Nbd2 Nc6 7. O-O Nf6 8.
e5 Nd5 9. Nb3 Nb6 10. Bg5 Be7 11. Bxe7 1-0

[Event "AUTO-MASTER-2947"]
[Site "http://www.queenalice.com/game.php?id=1608123"]
[Date "2020.4.18"]
[Round "1"]
[White "Pistolero"]
[Black "alsnac"]
[Result "1-0"]
[WhiteElo "2017"]
[BlackElo "1821"]

1. e4 c5 2. Nf3 Nc6 3. d4 cxd4 4. Nxd4 Nf6 5. Nc3 a6 6. f4 e6 7. Nxc6 bxc6 8. e5
Nd5 9. Ne4 f5 10. Ng5 Qb6 11. Qf3 Bc5 12. a3 1-0

[Event "AUTO-MASTER-2947"]
[Site "http://www.queenalice.com/game.php?id=1608124"]
[Date "2020.4.18"]
[Round "1"]
[White "alsnac"]
[Black "Pistolero"]
[Result "0-1"]
[WhiteElo "1813"]
[BlackElo "2024"]

1. e4 d5 2. exd5 Qxd5 3. Nc3 Qa5 4. d4 Nf6 5. Nf3 Bg4 6. Be2 c6 7. O-O e6 8. Ne5
Bxe2 9. Nxe2 Nbd7 10. Bf4 Be7 11. c3 O-O 12. b4 Qa6 13. a4 Rfd8 0-1

[Event "AUTO-MASTER-2947"]
[Site "http://www.queenalice.com/game.php?id=1608146"]
[Date "2020.4.18"]
[Round "1"]
[White "alsnac"]
[Black "grepovsky"]
[Result "0-1"]
[WhiteElo "1981"]
[BlackElo "2212"]

1. e4 c5 2. Nf3 Nc6 3. Bb5 g6 4. Bxc6 bxc6 5. Nc3 Bg7 6. O-O d6 7. d3 Nh6 8. Re1
f6 9. Be3 e5 10. a3 a5 0-1